000 01055nam a2200301 i 4500
003 EG-GICUC
005 20260415112323.0
008 260415s1967 fr fr|||| 00| 0 fre d
040 _aEG-GiCUC
_bfre
_cEG-GiCUC
_dEG-GiCUC
_eRda
041 0 _afre
082 0 4 _221
_a343
_bCH . C
092 0 4 _221
099 _aLaw1 10 343 CH . C 1967
100 1 _a Rokofyllos, Christos.
_eAuteur
245 1 3 _a Le concept de lésion et la répression de la délinquance par imprudence :
_b (Essai de critique) /
_cpar Christos Rokofyllos ; préface de M. de Juglart.
264 1 _aParis :
_b Librairie générale de droit et de jurisprudence,
_c1967.
300 _a133page;
_c 24 cm.
336 _2rda contenu
_a texte
337 _2rda medias
_aOrdinateur
338 _2 transporteur rda
_a Ressource en ligne
546 0 _aTexte en français
650 1 _aDroit pénal
_2qrmak
651 1 _2qrmak
700 1 _aJuglart, Michel de.
_ePréfacier
856 4 0 _uhttps://fll.law.cu.edu.eg/fulltext/bks/B10-09534.pdf
905 _a167
942 _2ddc
_cBK
_e21
_n0
999 _c71028
_d71028